Original Taco Bell Menu Items - Statistics

General Stats
  • This quiz has been taken 39 times
  • The average score is 2 of 6
Answer Stats
Answer % Correct
Taco
100%
Bean Burrito
31%
Tostada
11%
Burrito Supreme
8%
Bellbeefer
6%
Enchrito
3%
No matching quizzes found
Score Distribution
Percent of People with Each Score
Percentile by Number Answered
Your Score History
You have not taken this quiz